La tutela judicial efectiva / (Registro nro. 49632)

Detalles MARC
000 -LEADER
fixed length control field 01091nam a2200289 4500
001 - CONTROL NUMBER
control field 0000020224
003 - CONTROL NUMBER IDENTIFIER
control field CO-CtgCURN
005 - DATE AND TIME OF LATEST TRANSACTION
control field 20250825223113.0
008 - FIXED-LENGTH DATA ELEMENTS--GENERAL INFORMATION
fixed length control field 160627s2002 000 0 eng d
020 ## - INTERNATIONAL STANDARD BOOK NUMBER
International Standard Book Number 9586903737
040 ## - CATALOGING SOURCE
Original cataloging agency CO-CtgCURN
Language of cataloging spa
Transcribing agency coctgcurn
082 0# - DEWEY DECIMAL CLASSIFICATION NUMBER
Classification number 342.22
Item number R81t
100 1# - MAIN ENTRY--PERSONAL NAME
Personal name Rua Castaño, John Reymon.
245 13 - TITLE STATEMENT
Title La tutela judicial efectiva /
Statement of responsibility, etc. John Reymon Rua Castaño, Jairo de Jesus Lopera Lopera.
260 ## - PUBLICATION, DISTRIBUTION, ETC.
Place of publication, distribution, etc. Bogotá :
Name of publisher, distributor, etc. Leyer,
Date of publication, distribution, etc. 2002.
300 ## - PHYSICAL DESCRIPTION
Extent ii, 157 p.
336 ## - CONTENT TYPE
Source rdacontent
337 ## - MEDIA TYPE
Source rdamedia
Media type term sin mediacion
Media type code n
338 ## - CARRIER TYPE
Source rdacarrier
Carrier type term volumen
Carrier type code nc
504 ## - BIBLIOGRAPHY, ETC. NOTE
Bibliography, etc. note Bibliografia (p. 149-152)
505 8# - FORMATTED CONTENTS NOTE
Formatted contents note La tutela judicial efectiva.--Tutela judicial efectiva y su ubicacion en la normatividad colombiana.--Elementos de la tutela judicial efectiva.--Formas de hacer ineficaz la tutela judicial efectiva
650 #0 - SUBJECT ADDED ENTRY--TOPICAL TERM
Topical term or geographic name entry element Acción de tutela.
700 1# - ADDED ENTRY--PERSONAL NAME
Personal name Lopera Lopera, Jairo de Jesus.
908 ## - PUT COMMAND PARAMETER (RLIN)
Put command parameter 160627
942 ## - ADDED ENTRY ELEMENTS (KOHA)
Koha item type Libros
Classification part 342.22
Item part R81t
Source of classification or shelving scheme Dewey Decimal Classification
999 ## - SYSTEM CONTROL NUMBERS (KOHA)
-- 1
Existencias
Withdrawn status Lost status Source of classification or shelving scheme Damaged status Not for loan Collection Home library Current library Shelving location Date acquired Inventory number Total checkouts Full call number Barcode Date last seen Price effective from Koha item type
    Dewey Decimal Classification     General Miguel Henríquez Castañeda Miguel Henríquez Castañeda General 03/04/2019 003986   342.22 R81t 003986 03/04/2019 03/04/2019 Libros